000
00300nam a22001337a 4500
008
181204b xxu||||| |||| 00| 0 eng d
020
_a
9783822865255
041
_a
eng
080
_a
710
100
_a
45
101
_a
ART
245
_a
Painting Of The Gothics Era
_c
Maartini.S
942
_2
udc
_c
BK
999
_c
52771
_d
52771